| 000 | 00581nam a22001697a 4500 | ||
|---|---|---|---|
| 003 | OSt | ||
| 005 | 20180604084513.0 | ||
| 008 | 180320b xxu||||| |||| 00| 0 spa d | ||
| 040 | _cPJ | ||
| 100 |
_9143 _aMartin, Guillermo Patricio |
||
| 245 | 1 | 0 |
_aSera justicia : _cGuillermo Patricio Martin. _balgunas aportaciones del estructuralismo para el tomismo / |
| 260 |
_aBuenos Aires : _bAbeledo - Perrot, _c1981. |
||
| 300 |
_a79 p. _c23 cm. |
||
| 500 | _aBibliografĂa y notas al pie de algunas páginas. | ||
| 650 |
_aFILOSOFIA DEL DERECHO _9177 |
||
| 942 |
_2udc _cLIB _h340.12 _iMAR |
||
| 999 |
_c137 _d137 |
||